Welcome to the Holygrace Academy Library

Please use search bar below to get started

THE CHILDREN AT GREEN MEADOWS (Record no. 7255)

MARC details
000 -LEADER
fixed length control field 00284nam a22001217a 4500
082 ## - DEWEY DECIMAL CLASSIFICATION NUMBER
Classification number 823
Item number BLY/C
100 ## - MAIN ENTRY--AUTHOR NAME
Personal name BLYTON, ENID
245 ## - TITLE STATEMENT
Title THE CHILDREN AT GREEN MEADOWS
260 ## - PUBLICATION, DISTRIBUTION, ETC. (IMPRINT)
Place of publication LONDON
Name of publisher McMILLAN & CO
Year of publication 1968
300 ## - PHYSICAL DESCRIPTION
Number of Pages 160
650 ## - SUBJECT ADDED ENTRY--TOPICAL TERM
Topical Term ENGLISH STORY
Geographic subdivision UNITED KINGDOM
942 ## - ADDED ENTRY ELEMENTS (KOHA)
Koha item type Books
Holdings
Withdrawn status Lost status Collection code Home library Current library Date acquired Source of acquisition Cost, normal purchase price Full call number Accession Number Koha item type
Withdrawn Damaged Item Fiction Main Library Main Library 13/05/2004 purchase 17.50 823 BLY/C 00090 Books